000 00372nam a2200133Ia 4500
008 220216s9999 xx 000 0 und d
100 _aHalpin J C
245 0 _aMolecular view of fracture in amorphous elastomers (1965 reviews)
260 _bRubber Chemistry and Technology
_c1965
300 _a1007-1038
650 _a1965 reviews
650 _aElastomers
942 _cJS
999 _c63225
_d63225